000 00609nam a2200229Ia 4500
003 OSt
005 20230327111322.0
008 210423s2000 xx 000 0 und d
020 _a8170943884
040 _cAL
041 _aeng
082 _a332.1 RAVT
100 _aRAVI KUMAR (T),Ed
_978230
245 _aIndian banking in transition: issues and challenges
260 _aNew Delhi
_bVision Books
_c2000
300 _a356
_bPB
365 _b495
_cINR
650 _aBanking
_978231
650 _aEconomics
_978232
906 _abanking ; challenges ; Indian ; issues ; transition:
942 _2ddc
_cBK
999 _c156078
_d156078